TERCER INFORME QUE RINDE AL H. CONGRESO DE LA UNION EL C. PRESIDENTE DE LA REPUBLICA GUSTAVO DIAZ ORDAZ

Uloženo v:
Podrobná bibliografie
Korporativní autor: México. Presidente. 1964-1970 (Díaz Ordaz)
Médium: Kniha
Témata:
Tagy: Přidat tag
Žádné tagy, Buďte první, kdo vytvoří štítek k tomuto záznamu!

MARC

LEADER 00000nam^a2200000^a^4500
001 000241537
005 20250521000000.0
009 20260310105221.193
035 |a 052392 
037 |a Acervo Xavier Clavigero 
082 |a 351. 0035  |b MEX 
110 |a México.  |b Presidente. 1964-1970 (Díaz Ordaz) 
245 1 0 |a TERCER INFORME QUE RINDE AL H. CONGRESO DE LA UNION EL C. PRESIDENTE DE LA REPUBLICA GUSTAVO DIAZ ORDAZ 
264 |a México :  |b Stylo,  |c 1967 
300 |a 162 p. 
336 |a texto  |b txt  |2 rdacontenido 
337 |a sin mediación  |b n  |2 rdamedio 
338 |a volumen  |b nc  |2 rdasoporte 
649 |a XX 
650 |a Díaz Ordaz, Gustavo 
650 |a Jefes de Estado Mexicanos 
650 |a Política -  |z México -  |x Historia -  |y 1964-1970 
910 |a Fondo General 
920 |a Impresos - Libros 
930 |a Colección General 
905 |a 101 
901 |a 052392  |b IT1  |c ACC  |i 052392  |u 20250521 
902 |a https://opac.biblio.iteso.mx/vufind/Record/000241537